000 00383nam a2200109Ia 4500
008 230320s9999||||xx |||||||||||||| ||spa||
082 _aTMG/2019/3
100 _aSoria Piña, Mariano
245 0 _aCompromiso Organizacional Y Motivación Laboral En Docentes De Tres Instituciones Educativas Por Convenio Del Distrito De San Juan De Lurigancho
260 _bLima, 2019
942 _80
_cLIB
999 _c51115
_d51115